Statistiken für 6 zufällige Länder auf der Weltkarte in 15 Sekunden

Klicken Sie hier um das Quiz zu spielen!

Allgemein

  • Dieses Quiz wurde 526 mal gespielt
  • Das Durchschnittsergebnis liegt bei 4 aus 6

Antworten auf der Karte

Die Antworten werden auf der Karte rot bzw. grün angezeigt, abhängig davon wie oft sie richtig erraten wurden.
 

Antwortstatistiken

Land% Korrekt
Ägypten
100%
Angola
100%
Australien
100%
Bahamas
100%
Bangladesch
100%
Belgien
100%
Brasilien
100%
Burundi
100%
Cabo Verde
100%
Chile
100%
China
100%
Costa Rica
100%
Dänemark
100%
Deutschland
100%
Eswatini
100%
Finnland
100%
Frankreich
100%
Gabun
100%
Grenada
100%
Griechenland
100%
Guyana
100%
Irak
100%
Irland
100%
Island
100%
Jemen
100%
Jordanien
100%
Kambodscha
100%
Kanada
100%
Kasachstan
100%
Kongo
100%
Kuba
100%
Kuwait
100%
Laos
100%
Lesotho
100%
Lettland
100%
Liberia
100%
Madagaskar
100%
Malawi
100%
Mali
100%
Malta
100%
Marokko
100%
Mauretanien
100%
Mexiko
100%
Mikronesien
100%
Mongolei
100%
Mosambik
100%
Neuseeland
100%
Nicaragua
100%
Niederlande
100%
Norwegen
100%
Papua-Neuguinea
100%
Paraguay
100%
Peru
100%
Philippinen
100%
Portugal
100%
Russland
100%
São Tomé und Príncipe
100%
Saudi-Arabien
100%
Schweden
100%
Serbien
100%
Simbabwe
100%
Spanien
100%
Südafrika
100%
Sudan
100%
Südsudan
100%
Suriname
100%
Syrien
100%
Tadschikistan
100%
Tansania
100%
Trinidad und Tobago
100%
Tunesien
100%
Türkei
100%
Uganda
100%
Vereinigtes Königreich
100%
Vietnam
100%
Zentralafrikanische Republik
83%
Uruguay
80%
Bosnien und Herzegowina
75%
Dem Rep Kongo
75%
Estland
75%
Indien
75%
Nordkorea
75%
Salomonen
75%
Südkorea
75%
Togo
75%
Tschechien
75%
Vereinigte Arabische Emirate
75%
Argentinien
67%
Aserbaidschan
67%
Belarus
67%
Benin
67%
Côte d'Ivoire
67%
Ghana
67%
Kamerun
67%
Kenia
67%
Komoren
67%
Nigeria
67%
Panama
67%
Seychellen
67%
Ecuador
63%
Libyen
60%
Somalia
60%
Sri Lanka
60%
Albanien
50%
Bahrain
50%
Belize
50%
Botswana
50%
Gambia
50%
Georgien
50%
Guatemala
50%
Japan
50%
Kroatien
50%
Mauritius
50%
Namibia
50%
Nepal
50%
Nordmazedonien
50%
Oman
50%
Pakistan
50%
Palau
50%
Polen
50%
Senegal
50%
Sierra Leone
50%
St. Kitts und Nevis
50%
Thailand
50%
Usbekistan
50%
Antigua und Barbuda
33%
Äthiopien
33%
Barbados
33%
Indonesien
33%
Liechtenstein
33%
San Marino
33%
Slowakei
33%
Tschad
33%
Ungarn
33%
Taiwan
29%
Israel
25%
Marshallinseln
25%
Nauru
25%
Vanuatu
25%
Kosovo
17%
Afghanistan
0%
Algerien
0%
Andorra
0%
Äquatorial-Guinea
0%
Armenien
0%
Bhutan
0%
Bolivien
0%
Brunei
0%
Bulgarien
0%
Burkina Faso
0%
Dominica
0%
Dominikanische Republik
0%
Dschibuti
0%
El Salvador
0%
Eritrea
0%
Fidschi
0%
Guinea
0%
Guinea-Bissau
0%
Haiti
0%
Honduras
0%
Iran
0%
Italien
0%
Jamaika
0%
Katar
0%
Kirgisistan
0%
Kiribati
0%
Kolumbien
0%
Libanon
0%
Litauen
0%
Luxemburg
0%
Malaysia
0%
Malediven
0%
Moldawien
0%
Monaco
0%
Montenegro
0%
Myanmar
0%
Niger
0%
Österreich
0%
Ruanda
0%
Rumänien
0%
Sambia
0%
Samoa
0%
Schweiz
0%
Singapur
0%
Slowenien
0%
St. Lucia
0%
St. Vincent und die Grenadinen
0%
Timor-Leste
0%
Tonga
0%
Turkmenistan
0%
Tuvalu
0%
Ukraine
0%
Vatikanstadt
0%
Venezuela
0%
Vereinigte Staaten
0%
Zypern
0%

Verteilung der Resultate

Perzentil nach korrekt beantworteten Fragen

Anzahl Personen mit jedem Resultat

Ihre Resultats-Entwicklung

Sie haben dieses Quiz noch nicht gespielt